Fundamentals of classical thermodynamics
Na minha lista:
| Autor principal: | |
|---|---|
| Outros Autores: | |
| Formato: | Livro |
| Idioma: | English |
| Publicado em: |
New York, New York : Willey,
1966.
|
| Assuntos: | |
| Tags: |
Adicionar Tag
Sem tags, seja o primeiro a adicionar uma tag!
|
MARC
| LEADER | 00000nam a2200000Ia 4500 | ||
|---|---|---|---|
| 003 | 000249 | ||
| 005 | 20221231143955.0 | ||
| 008 | 140114s1966 nyua 000 ||eng d | ||
| 040 | |c cru CEDI | ||
| 082 | |a 536.7 S699f | ||
| 100 | |a Sonntag, Richard Edwin |9 19716 | ||
| 245 | |a Fundamentals of classical thermodynamics | ||
| 260 | |a New York, New York : Willey, |c 1966. | ||
| 300 | |a xxiii, 634 páginas : ilustraciones ; 25 cm | ||
| 650 | |x TERMODINAMICA |9 19720 | ||
| 700 | |9 19715 |a Van Wylen, Gordon John, 1920- | ||
| 942 | |2 ddc |c BK | ||
| 999 | |c 15038 |d 15038 | ||
